000 00380 a2200109 4500
001 ART_9737
005 20260410161838.0
008 260409a
245 1 0 _aAnálisis del impácto de la inflación en la evaluación de proyectos de inversión
100 1 _aWajchman, Mauricio
773 0 _tContabilidad y administración
_g- Año 6, Nº 67 (ene. 1983)
_wREV5485
999 _c23857
_d23857